[Event "Yingmei Cup CHN-chT 2017"]
[Site "Guangdong"]
[Date "2017.12.05"]
[Round "22"]
[White "Yu, Ruiyuan"]
[Black "Ma, Zhonghan"]
[Result "1/2-1/2"]
[WhiteElo "2502"]
[BlackElo "2473"]
[Annotator "TA"]
[PlyCount "64"]
[EventDate "2017.??.??"]
[EventCountry "CHN"]
[SourceTitle "playchess.com"]
[Source "ChessBase"]
[SourceQuality "1"]

{[%evp 28,64,8,8,6,10,15,17,28,20,32,32,32,33,39,38,39,29,45,49,43,39,39,41,59,58,58,57,56,33,56,29,29,0,54,0,34,0,68]} 1. e4 e5 2. Nf3 Nc6 3. Nc3 Nf6 4. d4 exd4 5. Nxd4 Bb4 6. Nxc6 bxc6 7. Bd3 d5 8. exd5 cxd5 9. O-O O-O 10. Bg5 c6 11. Qf3 Bd6 12. h3 h6 {C47: Scotch Four Knights and Four Knights with 4 g3} (12... Rb8 13. b3 Be5 14. Bf4 Bxc3 15. Bxb8 Bxa1 16. Rxa1 Bg4 17. hxg4 Qxb8 18. Qf5 Re8 19. g3 h6 20. c4 d4 {½-½ (39) Morozevich,A (2760)-Kramnik,V (2803) Moscow 2013}) 13. Bxf6 Qxf6 14. Qxf6 gxf6 15. Ne2 {LiveBook: 7 Games} Be5 16. Rab1 Bd7 $146 ({Predecessor:} 16... Rb8 17. b3 Re8 18. f4 Bc7 19. Rf3 c5 20. Ng3 {0-1 (76) Yee,S (2234)-Nezad,H (2394) Incheon 2013}) 17. Ng3 Rfe8 18. Nf5 (18. f4 {seems wilder.} Bd4+ 19. Kh2 Rab8 20. c3 Bb6 21. Nh5) 18... Bxf5 19. Bxf5 Re7 20. Rfe1 Rb8 21. b3 Kf8 22. Kf1 Rbe8 23. Re3 Bd4 24. Rxe7 Rxe7 25. Re1 Rxe1+ 26. Kxe1 $14 {[%mdl 4096] Endgame KB-KB} Ke7 27. Ke2 Kd6 28. Bg4 Bc5 29. Bh5 Ke6 30. Bg4+ Kd6 31. Bh5 Ke6 32. Bg4+ Ke5 {Precision: White = 52%, Black = 36%.} (32... Kd6 $11) 1/2-1/2

[Event "Yingmei Cup CHN-chT 2017"]
[Site "Guangdong"]
[Date "2017.12.05"]
[Round "22"]
[White "Wan, Yunguo"]
[Black "Cheparinov, Ivan"]
[Result "1-0"]
[WhiteElo "2491"]
[BlackElo "2710"]
[Annotator "TA"]
[PlyCount "71"]
[EventDate "2017.??.??"]
[EventCountry "CHN"]
[SourceTitle "playchess.com"]
[Source "ChessBase"]
[SourceQuality "1"]

{[%evp 18,71,0,3,26,33,25,0,50,20,16,13,13,17,15,7,16,0,14,16,29,17,27,24,60,54,57,20,28,0,0,0,0,-20,177,174,175,168,171,164,165,158,209,209,209,204,247,235,360,337,493,491,558,527,955,582]} 1. e4 e5 2. Nf3 Nc6 3. Bc4 Bc5 4. c3 Nf6 5. d4 exd4 6. e5 d5 7. Bb5 Ne4 8. cxd4 Bb6 9. Be3 {C54: Giuoco Piano: 4 c3 Nf6, main lines with 5 d4 and 5 d3} O-O 10. Nc3 {LiveBook: 169 Games} Be6 (10... Bg4 11. h3 Bh5 12. Qc2 Bg6 13. Qb3 Ne7 14. O-O c6 15. Bd3 Ng3 16. Rfd1 Bxd3 17. Rxd3 Ngf5 {½-½ (65) Naiditsch,A (2702)-Kramnik,V (2794) Antalya 2017}) 11. O-O {White has an edge.} Bg4 12. h3 $146 ({Predecessor:} 12. Be2 f6 13. exf6 Nxf6 14. h3 Bh5 15. Rc1 Qd6 16. Na4 {1-0 (77) Socko,B (2651)-Gajewski,G (2653) Chorzow 2013}) 12... Bh5 (12... Nxd4 $5 13. Bxd4 Bxf3 14. gxf3 Qg5+ 15. Kh1 Qh4 $14) 13. Be2 Nxc3 14. bxc3 f6 15. exf6 Qxf6 16. a4 Rae8 17. Re1 Kh8 18. Qc2 a6 19. Bg5 {[%cal Be3g5,Bg5h4,Bh4g3][%mdl 32]} (19. Ng5 Bg6 $17) 19... Qf7 20. Bh4 h6 21. Bg3 Kg8 22. Ne5 (22. Kh2 {feels hotter.} Bxf3 23. Bxf3 Na5 24. Be2 c6 25. Bd3) 22... Rxe5 $1 23. dxe5 {Threatens to win with Bxh5.} Bxf2+ 24. Bxf2 Qxf2+ 25. Kh1 Nxe5 $2 (25... Bf3 $1 $11 {and Black stays safe.} 26. Bd3 (26. gxf3 Rxf3 27. Bxf3 Qxc2 $17) 26... Bxg2+ 27. Kh2 {[#]} Bxh3+ $1 {[%mdl 512]} 28. Qxf2 Rxf2+ 29. Kg3 Rd2 30. Bxa6 bxa6 31. Kxh3 Rd3+ 32. Kg4 Kf7 33. e6+ Ke7) 26. Qd1 $36 {[%mdl 2048] White is really pushing.} Bf7 {[#]} 27. Bxa6 $1 {[%mdl 512]} bxa6 28. Rxe5 Qb2 29. Qc1 Rb8 (29... Qb7 $16) 30. Qxb2 Rxb2 {[%mdl 4096] Endgame KRR-KRB} 31. Rae1 Ra2 32. Re7 c5 (32... Bg6 $142 33. R1e6 (33. Rxc7 Be4 $16) 33... Be4 34. Rxa6 (34. Rxc7 Re2 $18) 34... Rc2) 33. Rb1 g5 (33... Rf2 $142 34. Rb6 Rf6 35. Rxf6 gxf6) 34. Rf1 {White is clearly winning.} Bg6 35. Rf6 $1 {[%csl LRa6,LRg6]} Be4 36. Rb6 {Precision: White = 62%, Black = 33%.} 1-0

[Event "Yingmei Cup CHN-chT 2017"]
[Site "Guangdong"]
[Date "2017.12.05"]
[Round "22"]
[White "Wang, Yiye"]
[Black "Li, Di"]
[Result "1/2-1/2"]
[WhiteElo "2439"]
[BlackElo "2485"]
[Annotator "TA"]
[PlyCount "43"]
[EventDate "2017.??.??"]
[EventCountry "CHN"]
[SourceTitle "playchess.com"]
[Source "ChessBase"]
[SourceQuality "1"]

{[%evp 21,43,0,0,-1,0,0,0,-48,-14,-38,-25,-57,-19,-47,-12,-14,0,-43,0,-3,0,-46,0,-16]} 1. d4 Nf6 2. Nf3 e6 3. e3 c5 4. Bd3 d5 5. b3 Nc6 6. Bb2 cxd4 7. exd4 g6 8. Nbd2 Bg7 9. O-O O-O 10. Re1 {D05: Colle System with ...e6} b6 11. a3 Bb7 {LiveBook: 3 Games} 12. Ne5 Rc8 13. f4 (13. Nxc6 Rxc6 14. Nf3 Rc7 15. Ne5 {0-1 (41) Penttinen,J (2278)-Riazantsev,A (2697) Rhodes 2013}) 13... Rc7 14. g4 $146 ({Predecessor:} 14. Rc1 Qc8 15. Qe2 Nb8 16. b4 Nc6 17. g4 Nd7 18. Ndf3 Ndxe5 19. Nxe5 Ne7 20. h3 Kh8 {½-½ (20) Burton,R (2036)-Livesey,R (1921) Guernsey 2009}) 14... Qc8 15. c3 Ba6 16. Bb1 Rd8 17. Qf3 Bb7 18. Bd3 Ba6 19. Bb1 Bb7 20. Bd3 Ba6 21. Bb1 Bb7 22. h4 {Precision: White = 47%, Black = 10%.} 1/2-1/2

[Event "Yingmei Cup CHN-chT 2017"]
[Site "Guangdong"]
[Date "2017.12.05"]
[Round "22"]
[White "Huang, Qian"]
[Black "Muzychuk, Anna"]
[Result "1/2-1/2"]
[WhiteElo "2436"]
[BlackElo "2582"]
[Annotator "TA"]
[PlyCount "61"]
[EventDate "2017.??.??"]
[EventCountry "CHN"]
[SourceTitle "playchess.com"]
[Source "ChessBase"]
[SourceQuality "1"]

{[%evp 34,61,17,16,16,16,16,18,18,18,18,16,18,15,14,12,13,10,16,0,0,0,0,0,0,-2,0,0,0,0]} 1. d4 d5 2. c4 c6 3. Nf3 Nf6 4. Nc3 e6 {[%cal Be7e6,Be6e5][%mdl 32]} 5. e3 Nbd7 6. Qc2 Bd6 7. Bd3 O-O 8. O-O e5 9. cxd5 cxd5 10. e4 exd4 11. Nxd5 Nxd5 12. exd5 h6 13. Nxd4 Qh4 {D46: Semi-Slav: 5 e3 Nbd7 6 Bd3, Black avoids the Meran} 14. Nf3 Qh5 15. Bh7+ Kh8 16. Qf5 Qxf5 17. Bxf5 Nf6 18. Bxc8 {LiveBook: 24 Games. The position is equal.} (18. Bd3 Bg4 19. Rd1 Rac8 20. h3 Bxf3 21. gxf3 {½-½ (32) Wang,H (2690)-Ding,L (2759) China 2017}) 18... Rfxc8 19. Rd1 Rd8 20. Be3 Be7 21. d6 Rxd6 22. Rxd6 Bxd6 {[#]} 23. Rd1 $146 Be7 24. g3 Kg8 25. Ne5 a6 26. Nd7 Rd8 27. Nxf6+ Bxf6 28. Rxd8+ Bxd8 29. Kf1 f5 30. Ke2 Kf7 31. Kd3 1/2-1/2

[Event "Yingmei Cup CHN-chT 2017"]
[Site "Guangdong"]
[Date "2017.12.05"]
[Round "22"]
[White "Fang, Yan"]
[Black "Zhao, Yuanhe"]
[Result "1-0"]
[WhiteElo "2422"]
[BlackElo "2377"]
[Annotator "TA"]
[PlyCount "79"]
[EventDate "2017.??.??"]
[EventCountry "CHN"]
[SourceTitle "playchess.com"]
[Source "ChessBase"]
[SourceQuality "1"]

{[%evp 20,79,28,16,21,11,25,25,29,11,46,29,39,25,22,24,26,16,26,12,30,21,23,22,24,20,80,62,112,108,154,142,114,112,241,237,211,164,153,92,91,91,95,91,91,83,62,78,185,85,101,100,108,118,886,803,4810,4802,29989,29990,29990,29991]} 1. Nf3 Nf6 2. c4 c6 3. d4 d5 4. e3 g6 5. Nc3 Bg7 6. Be2 O-O 7. O-O b6 8. b3 e6 {D94: Grünfeld: 4 Nf3 Bg7 5 e3} 9. Ba3 Re8 10. Rc1 (10. Qc2 Nbd7 11. Ne5 Bb7 12. Rad1 Rc8 13. f4 a6 14. Bf3 Bf8 15. Bb2 Qe7 16. Kh1 {½-½ (43) Cheparinov,I (2681)-Ipatov,A (2625) Baku 2015}) 10... Bb7 11. Ne5 {[%cal Bf3e5,Be5d3,Bd3f4][%mdl 32] LiveBook: 4 Games} Ne4 12. cxd5 $146 ({Predecessor:} 12. Nxe4 dxe4 13. c5 b5 14. f3 f6 15. Ng4 exf3 16. Bxf3 {0-1 (42) Ashwin,J (2490)-Arun Prasad,S (2496) Arlington 2015}) 12... Nxc3 13. Rxc3 {[%cal Rd5c6]} exd5 14. Rc2 f6 15. Nd3 a5 16. Qd2 Na6 17. Rfc1 Nc7 18. Nf4 Qd7 19. Bd3 a4 20. Bb4 axb3 21. axb3 Ne6 22. Nxe6 Rxe6 (22... Qxe6 $11 {remains equal.} 23. Ra2 Rxa2 24. Qxa2 Ra8) 23. e4 $16 dxe4 24. Bc4 Rd8 25. Qf4 ({Reject} 25. Bxe6+ $6 Qxe6 26. Bc3 Rd7 $14) 25... f5 26. Ra2 ({But not} 26. Bxe6+ $6 Qxe6 27. Bc3 (27. Qc7 Qd7 $15) 27... Qf7 $11) 26... Kh8 (26... b5 $16 27. Bxe6+ Qxe6) 27. Bxe6 $18 Qxe6 28. Ra7 Qc8 29. h4 (29. Bc3 $142 $1) 29... Rxd4 $16 30. Bc3 Rd7 31. h5 $36 {[%cal Bh4h5,Bh5h6][%mdl 2080] Strongly threatening hxg6. White is in control.} Bxc3 32. Rxc3 Qc7 33. Qc1 {[%mdl 1024] Threatens to win with Rg3. White has compensation.} Qd8 {[#]} (33... Kg7 $16) 34. Ra1 (34. Qh6 $1 $18 {is the precise move to win.}) 34... g5 {[#]} 35. h6 $1 Qf6 36. Ra7 {Rxb7! is the strong threat.} c5 $2 {[%mdl 8192]} (36... Qd8 $16 37. Qb2 Kg8) 37. Qa1 $18 e3 {[#]} 38. Rxb7 $1 {[%mdl 512] Threatening mate with Rb8+.} exf2+ (38... Rxb7 39. Qa8+) 39. Kf1 Rd8 40. Rc1 {Precision: White = 60%, Black = 34%.} 1-0

[Event "Yingmei Cup CHN-chT 2017"]
[Site "Guangdong"]
[Date "2017.12.05"]
[Round "22"]
[White "Ding, Yixin"]
[Black "Zhang, Xiaowen"]
[Result "1/2-1/2"]
[WhiteElo "2421"]
[BlackElo "2328"]
[Annotator "TA"]
[PlyCount "61"]
[EventDate "2017.??.??"]
[EventCountry "CHN"]
[SourceTitle "playchess.com"]
[Source "ChessBase"]
[SourceQuality "1"]

{[%evp 24,61,34,33,34,29,29,29,32,28,28,20,21,23,25,25,22,30,35,14,19,0,0,0,0,6,2,0,2,0,0,0,9,0,14,5,2,0,0,0]} 1. e4 e5 2. Nf3 Nf6 3. Nxe5 d6 4. Nf3 Nxe4 5. Nc3 Nxc3 6. dxc3 Be7 7. Be3 Nc6 8. Qd2 Be6 9. O-O-O {C42: Russische Verteidigung (Petrow)} Qd7 10. Kb1 Bf6 11. h4 O-O-O 12. Nd4 Bxd4 13. cxd4 {LiveBook: 6 Partien} d5 {[#]} 14. Bb5 $146 ({Vorgänger:} 14. f3 h5 15. Bd3 f6 16. Bf2 Bf5 {½-½ (26) Li,C (2741)-Wei,Y (2727) China 2017}) 14... a6 15. Ba4 h5 16. f3 Bf5 17. Rhe1 Rde8 18. Bf4 Rxe1 19. Rxe1 {Droht Lxc6 und aus.} Re8 20. Rxe8+ Qxe8 21. Bg3 Qd7 {Die Stellung ist ausgeglichen.} 22. Qf4 Bg6 23. Kc1 b5 24. Bb3 Ne7 25. c3 f6 26. Kd2 Kd8 27. Bh2 Bf5 28. Bg3 Ng6 29. Qe3 Ne7 30. Qf4 Ng6 31. Qe3 {Precision: Weiß = 63%, Schwarz = 85%.} 1/2-1/2

[Event "Yingmei Cup CHN-chT 2017"]
[Site "Guangdong"]
[Date "2017.12.05"]
[Round "22"]
[White "Ushenina, Anna"]
[Black "Ju, Wenjun"]
[Result "1/2-1/2"]
[WhiteElo "2416"]
[BlackElo "2579"]
[Annotator "TA"]
[PlyCount "43"]
[EventDate "2017.??.??"]
[EventCountry "CHN"]
[SourceTitle "playchess.com"]
[Source "ChessBase"]
[SourceQuality "1"]

{[%evp 29,43,0,0,0,0,0,0,0,0,0,0,0,0,0,0,0]} 1. d4 Nf6 2. c4 e6 3. Nc3 Bb4 4. e3 O-O 5. Bd3 d5 6. Nf3 c5 7. O-O dxc4 8. Bxc4 cxd4 9. exd4 b6 10. Bg5 Bb7 {[%cal Bc8b7,Bb7d5,Bd5c4][%mdl 32]} 11. Ne5 Nbd7 {E54: Nimzoindisch (Moderne Variante)} 12. Nxd7 Qxd7 13. Bxf6 gxf6 14. d5 Bxc3 15. bxc3 Bxd5 {LiveBook: 20 Partien. Die Stellung ist ausgeglichen.} ({Doch nicht} 15... exd5 $6 16. Bd3 $16) 16. Qg4+ Kh8 {[#] Droht stark ...Tg8.} 17. Qh4 Bxc4 18. Qxf6+ Kg8 {[#]} 19. Qg5+ $146 Kh8 20. Qf6+ Kg8 21. Qg5+ Kh8 22. Qf6+ 1/2-1/2

[Event "Yingmei Cup CHN-chT 2017"]
[Site "Guangdong"]
[Date "2017.12.05"]
[Round "22"]
[White "Zhang, Ziji"]
[Black "Dai, Changren"]
[Result "1/2-1/2"]
[WhiteElo "2387"]
[BlackElo "2425"]
[Annotator "TA"]
[PlyCount "91"]
[EventDate "2017.??.??"]
[EventCountry "CHN"]
[SourceTitle "playchess.com"]
[Source "ChessBase"]
[SourceQuality "1"]

{[%evp 26,91,0,-1,0,-1,50,58,44,59,97,89,85,0,0,10,31,25,26,24,24,22,27,27,31,35,25,36,33,36,31,29,25,23,32,15,34,27,43,38,40,25,29,7,25,0,38,0,26,26,26,0,40,0,26,17,38,26,29,27,33,0,27,28,30,0,23,0]} 1. d4 d5 2. c4 e6 3. Nc3 Be7 4. Nf3 Nf6 5. Bg5 h6 6. Bh4 O-O 7. e3 Ne4 8. Bxe7 Qxe7 9. Rc1 c6 10. h4 {D56: Damengambit (Moderne Lasker-Verteidigung)} Nd7 11. g4 e5 12. cxd5 Nxc3 13. Rxc3 cxd5 14. g5 {LiveBook: 19 Partien} e4 15. Nd2 hxg5 (15... Nb6 $11) 16. Qh5 $1 $14 {[#]} Nf6 $146 ({Vorgänger:} 16... g6 17. Qxg5 Qxg5 18. hxg5 {1-0 (48) Matlakov,M (2714)-Howell,D (2684) Minsk 2017}) 17. Qxg5 {[#] Tg1 ist eine echte Drohung.} Kh8 18. Rg1 {[%csl Gg1][%cal Rg5g7]} Rg8 19. h5 (19. f3 $16) 19... Bd7 $1 $11 20. Kd1 Qe6 21. Be2 Rac8 22. Rxc8 Bxc8 23. Nb1 Qf5 24. Qh4 Qh3 25. Qf4 Qf5 26. Qh2 Qh3 27. Qxh3 Bxh3 28. Nc3 Kh7 29. Kd2 Rd8 30. Nb5 a6 31. Nc3 Bd7 32. b4 Kh6 33. a3 Rc8 34. Rg2 Rd8 35. Rg1 Rc8 36. Rg3 Re8 37. a4 Ra8 38. Rg2 Bh3 39. Rg3 (39. Rg1 {looks sharper.} Rc8 40. a5 Bd7 41. Rb1 Ra8 42. f3) 39... Bd7 40. Rg1 Rc8 41. a5 Bc6 42. Rc1 Ra8 43. Rg1 Rc8 44. Rh1 Rd8 45. Rg1 Rg8 46. Rh1 {Precision: Weiß = 50%, Schwarz = 48%.} 1/2-1/2

[Event "Yingmei Cup CHN-chT 2017"]
[Site "Guangdong"]
[Date "2017.12.05"]
[Round "22"]
[White "Zhu, Jiner"]
[Black "Ning, Kaiyu"]
[Result "0-1"]
[WhiteElo "2363"]
[BlackElo "2173"]
[Annotator "TA"]
[PlyCount "128"]
[EventDate "2017.??.??"]
[EventCountry "CHN"]
[SourceTitle "playchess.com"]
[Source "ChessBase"]
[SourceQuality "1"]

{[%evp 20,128,0,0,8,0,0,0,0,0,10,19,31,0,1,0,14,-3,0,-12,-7,-45,-36,-41,-39,-32,-26,-29,-18,-23,0,-28,-25,-38,-15,-39,0,0,0,-62,-51,-51,-62,-111,-108,-142,-131,-143,-137,-157,-158,-195,-185,-254,-158,-130,-147,-137,-108,-102,0,0,0,-106,-106,-106,-108,-115,0,-3,0,0,0,-5,-4,-688,-680,-669,-632,-1997,-1960,-29982,-29983,-29992,-29993,-29993,-29994,-29994,-5791,-29994,-1071,-854,-431,-1562,-1788,-1335,-911,-2345,-1864,-29982,-29982,-29988,-29989,-29989,-29990,-29990,-29991,-29991,-29992,-29996,-29997]} 1. e4 e6 2. d4 d5 3. Nc3 Bb4 4. exd5 exd5 5. Bd3 Nc6 6. Nge2 Nge7 7. a3 {C01: Französische Verteidigung (Abtauschvariante)} (7. O-O Bf5 8. Bxf5 Nxf5 9. Nf4 Nfe7 10. Qg4 Bxc3 11. bxc3 O-O 12. Ba3 Qc8 13. Qh5 Qd7 14. Rae1 Rfe8 15. Bxe7 Nxe7 16. Re5 c6 {1-0 (54) McShane,L (2652)-Hawkins,J (2590) London 2016}) 7... Bxc3+ 8. bxc3 Bf5 9. Ng3 Bxd3 10. cxd3 O-O 11. O-O {LiveBook: 9 Partien} Qd7 12. Qh5 b5 $146 ({Vorgänger:} 12... Qd6 13. h4 f5 14. Qg5 Qg6 15. Qf4 Qg4 16. h5 b6 17. Re1 Rac8 {1-0 (49) Musaev,R (2281)-Galaktionov,A (2006) Pardubice 2014}) 13. Rb1 Rab8 14. Bd2 Qd6 15. Qg5 Qg6 16. Qe3 a5 17. Rfe1 h6 {[%cal Bh7h6,Bh6h5,Bh5h4][%mdl 32]} 18. Rb3 Rb6 19. Bc1 Rd8 20. f4 Nf5 21. Nxf5 Qxf5 22. h3 h5 23. Rb2 h4 24. Kh2 Qf6 25. Rc2 Rbb8 26. Bd2 Rd7 27. Qf2 Re7 28. Rb1 Qf5 29. Qf1 {[#]} (29. Qf3 $11) 29... b4 $1 $15 {[%mdl 512]} 30. cxb4 (30. axb4 axb4) 30... Nxd4 31. Rcb2 a4 $1 32. Re1 {[#]} Rbe8 $1 {[%cal Bb8e8,Be8e7,Be7e3][%mdl 32]} 33. Rxe7 Rxe7 34. Be1 Re3 35. Rd2 g5 36. Kh1 (36. Kg1 $142) 36... Ne6 37. Bf2 Qxf4 38. Qd1 Re5 39. Bg1 {Lh2 wäre jetzt gut für Weiss.} Qg3 40. Bf2 $1 {[%cal Rf2g3]} Qf4 41. Bg1 $1 {und wenn Lh2 ginge, stände Weiss gut.} Qf6 42. Qxa4 Re1 {( -> ...Df1)} 43. Rd1 Re2 ({Lieber} 43... Rxd1 $17 44. Qxd1 Qb2) 44. Qa8+ $11 Kh7 {...Txg2! ist eine echte Drohung.} 45. Qxd5 Nf4 $1 $36 {[%csl LRd5,LRg2][%mdl 2048] Schwarz drückt.} 46. Qf3 $1 Rxg2 {Droht stark ...Tg3.} 47. Bh2 $2 {[%mdl 8192] [#]} (47. Bf2 $11) 47... Rf2 $1 $19 {[%cal Rf2f3][%mdl 512]} 48. Qe4+ (48. Qxf2 Qc6+) 48... Kh6 49. Bxf4 Rxf4 {[%mdl 4096] Endspiel KDT-KDT} 50. Qd5 Rf3 51. Rc1 Rxh3+ 52. Kg2 Rg3+ 53. Kh1 Kh5 (53... Qf2 $142 54. Rc6+ Kh5 55. Qxf7+ Qxf7 56. Rf6 Qd5+ 57. Rf3 Qxf3+ 58. Kh2 Qg2#) 54. Qe4 Qf3+ (54... Qf2 $142 55. Qh7+ Kg4 56. Rc4+ Kh3 57. Rxh4+ gxh4 58. Qxh4+ Kxh4 59. b5 Rh3#) 55. Qxf3+ Rxf3 {KT-KT} 56. a4 (56. Rxc7 $142 Rxd3 57. a4) 56... h3 57. a5 Rxd3 58. a6 Ra3 59. b5 Kh4 {Schwarz setzt Matt.} 60. Rxc7 Ra1+ 61. Kh2 g4 {[%csl Gh4][%cal Rg4g3]} 62. Rc4 Ra2+ 63. Kh1 h2 64. b6 Kh3 {Precision: Weiß = 32%, Schwarz = 68%.} 0-1

[Event "Yingmei Cup CHN-chT 2017"]
[Site "Guangdong"]
[Date "2017.12.05"]
[Round "22"]
[White "Ren, Xiaoyi"]
[Black "Jiang, Zhaoyi"]
[Result "1-0"]
[WhiteElo "2254"]
[BlackElo "2019"]
[Annotator "TA"]
[PlyCount "95"]
[EventDate "2017.??.??"]
[EventCountry "CHN"]
[SourceTitle "playchess.com"]
[Source "ChessBase"]
[SourceQuality "1"]

{[%evp 21,95,17,29,8,12,3,35,43,40,44,42,32,35,30,73,14,18,29,49,44,35,31,41,55,50,27,44,21,18,0,0,0,71,60,88,8,8,10,6,2,11,9,0,6,104,105,112,115,107,119,122,114,135,131,131,50,66,6,59,41,43,48,227,251,240,234,227,227,572,577,660,655,602,614,29990,29991]} 1. d4 Nf6 2. c4 e6 3. g3 d5 4. Bg2 Be7 5. Nf3 O-O 6. O-O dxc4 7. Nbd2 c5 8. Nxc4 Nc6 9. dxc5 Bxc5 10. Be3 {E05: Open Catalan: 5 Nf3 Be7} Bxe3 11. Nxe3 Qe7 {LiveBook: 3 Games} 12. Qc2 $146 {White has an edge.} ({Predecessor:} 12. Nd4 Nxd4 13. Qxd4 Rd8 14. Qe5 Qb4 15. a3 Qb3 16. Rfd1 Bd7 17. Rac1 Rac8 {1-0 (37) Tosic,M (2411)-Savic,M (2520) Nis 2014}) 12... Bd7 13. Rac1 Nb4 14. Qb3 Bc6 15. a3 Na6 16. Qc3 Rfd8 17. Qa5 Qe8 18. Ne5 (18. Rfd1 $16) 18... Bxg2 $11 19. Kxg2 Ne4 20. Nd3 Nac5 21. Nxc5 ({Don't blunder} 21. Rxc5 $2 b6 $19) 21... b6 22. Qa4 Nxc5 23. Qxe8+ Rxe8 24. b4 Nb3 25. Rcd1 Red8 26. Nc4 b5 (26... Kf8 $11 {keeps the balance.}) 27. Nd6 $36 {[%mdl 2048] White has good play.} a6 28. e3 (28. Rd3 $16 {And now Rb1 would win.} e5 29. Rfd1) 28... Rd7 $11 29. e4 e5 30. f4 f6 31. fxe5 fxe5 32. Nf5 Rxd1 (32... Rd2+ $11 33. Rxd2 Nxd2 34. Ne7+ Kh8) 33. Rxd1 {[%mdl 4096] Endgame KRN-KRN} g6 {[#]} 34. Nh6+ $1 Kg7 35. Ng4 Nd4 36. Nxe5 Nc2 {[#] Hoping for ...Ne3+.} 37. Rd7+ $1 Kf6 38. Nd3 ({White should play} 38. Ng4+ $16 Ke6 39. Rxh7) 38... Nxa3 39. e5+ (39. Rxh7 $14 Nc4 40. h4) 39... Ke6 ({Better is} 39... Kf5 $11) 40. Rd6+ Ke7 $1 41. Nc5 Nc4 $2 (41... Ra7 $1 $14) 42. Rd7+ $18 Ke8 43. Rxh7 Rd8 44. e6 {aiming for Ne4.} Rd2+ $2 (44... Rd6 {is a better chance.} 45. Ra7 Ne3+ 46. Kf3 Nd5) 45. Kf3 Ne5+ 46. Kf4 Nc6 47. Nxa6 Nxb4 48. Nc7+ {Precision: White = 56%, Black = 41%.} 1-0

[Event "Yingmei Cup CHN-chT 2017"]
[Site "Guangdong"]
[Date "2017.12.05"]
[Round "22"]
[White "Chu, Ruotong"]
[Black "Muzychuk, Mariya"]
[Result "0-1"]
[WhiteElo "2173"]
[BlackElo "2544"]
[Annotator "TA"]
[PlyCount "107"]
[EventDate "2017.??.??"]
[EventCountry "CHN"]
[SourceTitle "playchess.com"]
[Source "ChessBase"]
[SourceQuality "1"]

{[%evp 19,107,18,13,5,8,-20,-18,-5,-5,-9,0,-18,-10,-17,-12,-14,0,0,7,1,16,0,0,0,0,-29,-27,-25,-27,-31,-52,-45,-31,-27,-27,-91,-99,-90,-91,-93,-8,-78,-88,-109,-111,-111,-110,-222,-197,-212,-198,-235,-217,-314,-316,-299,-299,-302,-267,-277,-244,-293,-189,-198,-198,-187,-176,-347,-373,-376,-359,-587,-566,-559,-558,-468,-456,-424,-385,-618,-609,-595,-400,-845,-832,-1479,-1019,-1550,-1550,-625]} 1. d4 Nf6 2. c4 e6 3. g3 c5 4. d5 exd5 5. cxd5 d6 6. Nc3 g6 7. Bg2 Bg7 8. Nf3 O-O 9. O-O Re8 10. Re1 Nbd7 {LiveBook: 4 Games. A62: Modern Benoni: Fianchetto Variation without early ...Nbd7} 11. Bf4 Ng4 12. Qc1 $146 ({Predecessor:} 12. Rc1 Nde5 13. Ne4 Bf5 14. Nfd2 h6 15. h3 Nf6 16. Nc3 Rb8 17. g4 Bc8 18. Bg3 {1-0 (43) Ju,W (2583)-Shankland,S (2674) Caleta 2017}) 12... Nde5 {The position is equal.} 13. Nxe5 Nxe5 14. a4 Bf5 15. Be4 Qd7 16. Bxf5 Qxf5 17. Kg2 Nc4 18. e4 Qd7 19. Qc2 h6 20. Bc1 f5 21. b3 Ne5 22. Bf4 g5 23. Bxe5 $1 Rxe5 24. f4 gxf4 25. gxf4 Re7 $36 {[%mdl 2048] Hoping for ...fxe4. Black is pushing.} 26. exf5 {Black must now prevent Re6.} Bxc3 27. Rxe7 (27. Qxc3 $11 Rg7+ 28. Kh1 Qxf5 29. Qf3) 27... Qxe7 $17 28. Qxc3 $15 {[%mdl 4096] Endgame KQR-KQR} Qe2+ 29. Kh3 {[#] White threatens Rg1+ and mate.} Kf7 ({Black should play} 29... Qh5+ $1 $17 30. Kg2 Kf7) 30. Rg1 (30. Qe1 $1 $11 Qh5+ 31. Qh4 Qxh4+ 32. Kxh4) 30... Qh5+ $17 31. Kg2 Qxf5 32. Qf3 Re8 33. Rd1 (33. Kh1 $17 {was necessary.}) 33... Re4 $19 34. Kg3 h5 35. Rf1 Rd4 36. Qe2 (36. Kh4 $142 Kg6 37. Qg3+ Kh6 38. Qg8 Rxf4+ 39. Rxf4 Qxf4+ 40. Kh3) 36... Qg6+ (36... Qxd5 37. Re1 $15) ({Much less strong is} 36... Rxd5 37. Rf3 $19) 37. Kh4 {[#]} Rd2 $1 {[%cal Rd2e2][%mdl 512]} 38. Qe6+ (38. Qxd2 Qg4#) 38... Qxe6 39. dxe6+ Kxe6 40. Kxh5 Rxh2+ {KR-KR} 41. Kg4 {[#]} Rg2+ $1 42. Kf3 Rb2 {aiming for ...Kf5.} 43. Re1+ $2 (43. Kg4) 43... Kf5 44. Re3 Rd2 45. Re7 $2 (45. b4 cxb4 46. Re7) 45... Rd3+ 46. Ke2 Rxb3 47. Rf7+ Ke4 48. f5 Ke5 49. f6 $2 (49. a5) 49... Ke6 50. Rf8 a5 51. Rd8 (51. f7 $142) 51... Kxf6 {Black is clearly winning.} 52. Rxd6+ Ke5 53. Rh6 Rb4 54. Rh7 {Precision: White = 39%, Black = 71%.} 0-1